Countries Closest to Indonesia - 30 second map sprint - Statistics

General Stats
  • This quiz has been taken 109 times
  • The average score is 10 of 20
Answers on the Map
Answers color-coded by a green-red scale on the quiz's map according to % correct below.
 
Answer Stats
country % Correct
Malaysia
96%
Australia
74%
Papua New Guinea
73%
Thailand
72%
Singapore
67%
Vietnam
67%
Philippines
66%
Cambodia
63%
Timor-Leste
62%
Laos
61%
Brunei
57%
Myanmar
55%
India
41%
China
38%
Palau
27%
Sri Lanka
26%
Taiwan
23%
Bangladesh
20%
Micronesia
11%
Solomon Islands
10%
No matching quizzes found
Score Distribution
Percent of People with Each Score
Percentile by Number Answered
Your Score History
You have not taken this quiz